000 00764nam a22001937a 4500
003 BD-DhUL
005 20160824185229.0
008 160824s1989 b ||||| |||| 001 0 b d
040 _aBD-DhUL
_cBD-DhUL
082 _a370.092
_bKAK
100 1 0 _aকাইউম, মোহাম্মদ আবদুল
245 1 0 _aখানবাহাদুর আহছানউল্লাহ ১৮৭৩-১৯৬৫ /
_cমোহাম্মদ আবদুল কাইউম
260 _aঢাকা :
_bবাংলা একাডেমি,
_c১৯৮৯
300 _a৯২পৃ. :
_bচি: ;
_c২২ সে মি.
500 _a নির্ঘন্ট সংবলিত
650 0 _aইতিহাস
650 0 _aHistory
942 _2ddc
_cBK
999 _c101595
_d101595